| 000 | 00478nam a22001937a 4500 | ||
|---|---|---|---|
| 003 | MPLRDC | ||
| 005 | 20220104155128.0 | ||
| 008 | 210129b ||||| |||| 00| 0 eng d | ||
| 020 | _a957-2088-03-3 | ||
| 082 | _a857.9 MR v.06 | ||
| 100 | _a莫仁 | ||
| 245 |
_a牧固图战记: 梦华传说; 6 _c |
||
| 250 | _a初版 | ||
| 260 |
_a _b狮鹫文化有限公司 _c2000 |
||
| 300 | _b187 | ||
| 490 | _a莫仁作品. 06 | ||
| 650 | _a武侠小说 | ||
| 942 |
_cBK _o857.9 MR v.06 |
||
| 999 |
_c54339 _d54329 |
||